Surveyor in construction (Record no. 106331)

MARC details
000 -LEADER
fixed length control field 00935cam a2200181 4500
001 - CONTROL NUMBER
control field ##L136147
008 - FIXED-LENGTH DATA ELEMENTS--GENERAL INFORMATION
fixed length control field 070115n2003 000 0 eng u
035 ## - SYSTEM CONTROL NUMBER
System control number (Sirsi) u136147
041 0# - LANGUAGE CODE
Language code of text/sound track or separate title eng
050 04 - LIBRARY OF CONGRESS CALL NUMBER
Classification number 692.5 $2 18
110 2# - MAIN ENTRY--CORPORATE NAME
Corporate name or jurisdiction name as entry element Royal Institution of Chartered Surveyors
Subordinate unit Construction Faculty
9 (RLIN) 4214
245 00 - TITLE STATEMENT
Title Surveyor in construction
260 ## - PUBLICATION, DISTRIBUTION, ETC.
Place of publication, distribution, etc. London
Name of publisher, distributor, etc. RICS
Date of publication, distribution, etc. 2003
520 ## - SUMMARY, ETC.
Summary, etc. Summarises the different roles for surveyors working in construction. The majority of surveyors in this field are quantity surveyors, although this role has expanded into other areas. These include working as construction manager, consultant, or contracting quantity surveyor. Concludes by highlighting the different skills quantity surveyors use.
690 ## - LOCAL SUBJECT ADDED ENTRY--TOPICAL TERM (OCLC, RLIN)
Topical term or geographic name as entry element Quantity surveying
9 (RLIN) 6263
856 48 - ELECTRONIC LOCATION AND ACCESS
Uniform Resource Identifier <a href="https://www.rics.org/RICSWEB/getpage.aspx?p=aIN0WMNFB0qmkQk-3C6Egw">https://www.rics.org/RICSWEB/getpage.aspx?p=aIN0WMNFB0qmkQk-3C6Egw</a>
Public note View the information free of charge at www.rics.org...
942 ## - ADDED ENTRY ELEMENTS (KOHA)
Suppress in OPAC 0
Holdings
Withdrawn status Lost status Source of classification or shelving scheme Damaged status Not for loan Home library Current library Shelving location Date acquired Total Checkouts Full call number Barcode Date last seen Copy number Price effective from Koha item type
    Dewey Decimal Classification     Virtual Virtual Online 15/01/2007   ONLINE PUBLICATION 136147-1001 06/08/2019 1 06/08/2019 Book